01355nam a2200337Ic 450000100060000000300100000600500170001600700030003300800410003602000180007704000350009504100080013008400110013810000480014924501100019725000220030726400770032930000530040633600270045933700330048633800280051950001070054765000330065465000350068765000450072265000450076765000470081294200120085999900170087195201290088860628CO-BoRNBP20260225230328.0ta181205s9999 xx 000 0 und d a9789584255266 aCO-BoRNBPbspaerdacCO-BoRNBP aspa aN MEN110aMendoza Zambrano, Mario,d1964-eaut94072313aEl mensajero de Agartha, 4 :bla colonia de Altair /cMario Mendoza ; ilustraciones Book and Play Studio. aPrimera edición 1aBogotá, Colombia :bDestino,c[Fecha de publicación no identificada] a193 páginas :bilustraciones en blanco y negro atextobtxt2rdacontent asin mediaciónbn2rdamedia avolumenbnc2rdacarrier aRecomendado para un público mayor de 15 años \ Incluye datos biográficos del autor en la solapa07aAmistad - Novela2lemb9265307aDivorcio - Novela2lemb96928407aViajes Fantasticos - Novela2lemb96928517aNovela colombianaySiglo XXI2rnbp9160217aLiteratura colombianaySiglo XXI2rnbp965 2loccBK c60628d60628 00102lcc40708012aMESJUANIbMESJUANIcLITd2026-02-25l0oN MEN1pSJU02487r2026-02-25 23:03:50tEj.1w2026-02-25yBKLIT